Диалектическая культура мышления: история и современность: Межвузовский сборник

Xehetasun bibliografikoak
Beste egile batzuk: Корольков А. А
Hizkuntza:errusiera
Argitaratua: СПб., Изд-во СПбГУ, 1992
Gaiak:
Formatua: Liburua
KOHA link:https://koha.lib.tpu.ru/cgi-bin/koha/opac-detail.pl?biblionumber=28929

MARC

LEADER 00000nam0a2200000 4500
001 28929
005 20231030203037.0
010 |a 5288007950 
035 |a (RuTPU)RU\TPU\book\29187 
035 |a BOOK00000912 
090 |a 28929 
100 |a 20011209d1992 k y0rusy50 ca 
101 0 |a rus 
102 |a RU 
105 |a  000|y 
200 1 |a Диалектическая культура мышления: история и современность  |e Межвузовский сборник  |f Под ред А. А. Королькова 
210 |a СПб.  |c Изд-во СПбГУ  |d 1992 
215 |a 182 с. 
610 1 |a философия 
610 1 |a мышление 
610 1 |a диалектика 
610 1 |a история 
610 1 |a современность 
610 1 |a полифонизм 
610 1 |a культура 
610 1 |a разумность 
686 |a А513.7  |v LBC/SL-A  |2 rubbk 
702 1 |a Корольков  |b А. А 
801 0 |a RU  |b 63413507  |c 20011209  |g PSBO 
801 2 |a RU  |b 63413507  |c 20070629  |g PSBO 
942 |c BK